[Event "BCF-chT3 1011 (4NCL)"]
[Site "England"]
[Date "2011.05.01"]
[Round "10.34"]
[White "Tunks, Dominic"]
[Black "Habershon, Paul F"]
[Result "0-1"]
[WhiteElo "2076"]
[BlackElo "2114"]
[PlyCount "58"]
[EventDate "2010.11.06"]
[EventType "team-swiss"]
[EventRounds "9"]
[EventCountry "ENG"]
[SourceTitle "EXT 2012"]
[Source "ChessBase"]
[SourceDate "2011.11.24"]
[SourceVersion "1"]
[SourceVersionDate "2011.11.24"]
[SourceQuality "1"]
[WhiteTeam "Wessex II"]
[BlackTeam "FCA Solutions"]
[WhiteTeamCountry "ENG"]
[BlackTeamCountry "ENG"]

1. Nf3 d5 2. e3 Nf6 3. b4 Bg4 4. Bb2 e6 5. a3 Nbd7 6. c4 c6 7. Nc3 Be7 8. h3 Bh5 9. cxd5 cxd5 10. Be2 0-0 11. 0-0 Bxf3 12. Bxf3 Nb6 13. Na4 Nc4 14. Bc3 b6 15. d3 Nd6 16. Bb2 Rc8 17. Nc3 Qd7 18. Qb3 Rc7 19. Rfd1 Nf5 20. a4 a6 21. b5 a5 22. Ne2 Nh4 23. Nd4 e5 24. Nc6 Nxf3+ 25. gxf3 Rxc6 26. bxc6 Qxh3 27. Rdc1 e4 28. fxe4 Ng4 29. Rc2 Nh2 0-1

[Event "BCF-chT2 1011 (4NCL)"]
[Site "England"]
[Date "2011.02.19"]
[Round "5.65"]
[White "Byway, Paul V"]
[Black "Tunks, Dominic"]
[Result "1-0"]
[WhiteElo "2162"]
[BlackElo "2076"]
[PlyCount "59"]
[EventDate "2010.11.06"]
[EventType "team-swiss"]
[EventRounds "11"]
[EventCountry "ENG"]
[SourceTitle "EXT 2012"]
[Source "ChessBase"]
[SourceDate "2011.11.24"]
[SourceVersion "1"]
[SourceVersionDate "2011.11.24"]
[SourceQuality "1"]
[WhiteTeam "Poisoned Pawns"]
[BlackTeam "Wessex"]
[WhiteTeamCountry "ENG"]
[BlackTeamCountry "ENG"]

1. Nf3 d5 2. g3 Nf6 3. Bg2 Nbd7 4. d4 e6 5. 0-0 Be7 6. c4 dxc4 7. Qa4 0-0 8. Qxc4 a6 9. Qc2 c5 10. Rd1 Ra7 11. Nc3 b5 12. d5 Qb6 13. dxe6 fxe6 14. Bh3 c4 15. Be3 Bc5 16. Bxc5 Nxc5 17. Qd2 b4 18. Nb1 Rd7 19. Qe1 Rxd1 20. Qxd1 Bb7 21. Nbd2 Bd5 22. Qc2 Nce4 23. Rf1 c3 24. bxc3 bxc3 25. Nxe4 Nxe4 26. Bg2 Qc5 27. e3 Qa5 28. Rc1 Rb8 29. Ne5 Rb2 30. Qxb2 1-0

[Event "BCF-chT3 1011 (4NCL)"]
[Site "England"]
[Date "2010.11.07"]
[Round "2.35"]
[White "Duvall, Ian"]
[Black "Tunks, Dominic"]
[Result "1-0"]
[WhiteElo "2053"]
[BlackElo "2076"]
[PlyCount "57"]
[EventDate "2010.11.06"]
[EventType "team-swiss"]
[EventRounds "9"]
[EventCountry "ENG"]
[SourceTitle "CBM 139 Extra"]
[Source "ChessBase"]
[SourceDate "2011.01.05"]
[SourceVersion "1"]
[SourceVersionDate "2011.01.05"]
[SourceQuality "1"]
[WhiteTeam "AMCA Rhinos"]
[BlackTeam "Wessex II"]
[WhiteTeamCountry "ENG"]
[BlackTeamCountry "ENG"]

1. d4 Nc6 2. Nf3 d5 3. c4 Bg4 4. Nc3 Bxf3 5. gxf3 e6 6. Bf4 Nf6 7. e3 Be7 8. Qd2 a6 9. Bd3 Qd7 10. a3 0-0 11. cxd5 exd5 12. Qc2 Rfe8 13. 0-0-0 b5 14. Ne2 Na5 15. Be5 Qc6 16. Nc3 g6 17. Rhg1 Nd7 18. Rg4 Nc4 19. f4 Bf6 20. Rdg1 a5 21. Bxc4 bxc4 22. f5 Rxe5 23. dxe5 Nxe5 24. fxg6 hxg6 25. Rd4 Nf3 26. Rxg6+ fxg6 27. Qxg6+ Kf8 28. Rf4 Ke7 29. Rxf6 1-0

[Event "BCF-chT3 0910 (4NCL)"]
[Site "England"]
[Date "2010.02.20"]
[Round "5.2"]
[White "Valentine, Brian J"]
[Black "Tunks, Dominic"]
[Result "1-0"]
[WhiteElo "1962"]
[BlackElo "2076"]
[PlyCount "37"]
[EventDate "2009.10.24"]
[EventType "team-tourn"]
[EventRounds "11"]
[EventCountry "ENG"]
[SourceTitle "EXT 2011"]
[Source "ChessBase"]
[SourceDate "2010.11.26"]
[SourceVersion "1"]
[SourceVersionDate "2010.11.26"]
[SourceQuality "1"]
[WhiteTeam "FCA Solutions II"]
[BlackTeam "Wessex II"]
[WhiteTeamCountry "ENG"]
[BlackTeamCountry "ENG"]

1. e4 c6 2. d4 d5 3. Nd2 dxe4 4. Nxe4 Nd7 5. Bc4 Ngf6 6. Ng5 e6 7. N1f3 h6 8. Nh3 b5 9. Bd3 c5 10. 0-0 Qb6 11. a4 cxd4 12. Bxb5 Bc5 13. Nf4 0-0 14. Nd3 Rd8 15. Bf4 Bb7 16. Nxc5 Nxc5 17. Ne5 a6 18. Be2 Qxb2 19. Nc4 1-0

[Event "GBR-ch 96th"]
[Site "Torquay"]
[Date "2009.08.03"]
[Round "7"]
[White "Surtees, Michael"]
[Black "Tunks, Dominic"]
[Result "1-0"]
[WhiteElo "2149"]
[BlackElo "2083"]
[PlyCount "79"]
[EventDate "2009.07.27"]
[EventType "swiss"]
[EventRounds "11"]
[EventCountry "ENG"]
[SourceTitle "CBM 131 Extra"]
[Source "ChessBase"]
[SourceDate "2009.09.03"]
[SourceVersion "2"]
[SourceVersionDate "2009.09.16"]
[SourceQuality "1"]

1. e4 c5 2. c3 b6 3. Na3 Bb7 4. f3 g6 5. d4 cxd4 6. cxd4 Bg7 7. Be3 h5 8. Nh3 d5 9. e5 Nh6 10. Bd3 Bc8 11. Nf2 Nf5 12. Nc2 Nxe3 13. Nxe3 Bh6 14. Qe2 Nc6 15. Nc2 Rg8 16. 0-0 Be6 17. Bb5 Qc7 18. Nb4 Bd7 19. Bxc6 Bxc6 20. Rac1 Bxc1 21. Rxc1 Qb7 22. Rxc6 e6 23. Rc3 Kf8 24. Qd2 Kg7 25. Nd1 Rac8 26. h3 Rxc3 27. Nxc3 Rc8 28. Nb5 Qe7 29. Nd6 Rc7 30. Na6 Rd7 31. Nb8 Rc7 32. Na6 Rd7 33. b4 Kh7 34. b5 Kg7 35. a4 Kh7 36. Nb4 Qh4 37. Qe3 Qg3 38. Nc6 Kg8 39. Ne8 Rb7 40. Qh6 1-0

[Event "GBR-ch 96th"]
[Site "Torquay"]
[Date "2009.08.01"]
[Round "6"]
[White "Tunks, Dominic"]
[Black "Burrows, Martin P"]
[Result "1-0"]
[WhiteElo "2083"]
[BlackElo "2209"]
[PlyCount "73"]
[EventDate "2009.07.27"]
[EventType "swiss"]
[EventRounds "11"]
[EventCountry "ENG"]
[SourceTitle "CBM 131 Extra"]
[Source "ChessBase"]
[SourceDate "2009.09.03"]
[SourceVersion "2"]
[SourceVersionDate "2009.09.16"]
[SourceQuality "1"]

1. Nf3 Nf6 2. d4 e6 3. Bg5 c5 4. Nc3 cxd4 5. Nxd4 a6 6. g3 Be7 7. Bg2 d5 8. Nb3 0-0 9. Qd2 Nc6 10. 0-0-0 h6 11. Bxf6 Bxf6 12. e4 d4 13. Ne2 e5 14. f4 Bg4 15. Kb1 Rc8 16. Rc1 Bxe2 17. Qxe2 Qb6 18. Bf1 Rc7 19. h4 Rfc8 20. Rh2 Nb4 21. Qf3 a5 22. a4 Rd8 23. Bb5 Nc6 24. Nd2 Na7 25. Bd3 Qb4 26. Rf1 Qxa4 27. g4 exf4 28. g5 hxg5 29. e5 Bxe5 30. Qe4 Re8 31. hxg5 g6 32. Rfh1 Bg7 33. Qxf4 Rce7 34. Ne4 Nc6 35. Rh8+ Bxh8 36. Rxh8+ Kxh8 37. Qh4+ 1-0

[Event "GBR-ch 96th"]
[Site "Torquay"]
[Date "2009.07.27"]
[Round "1"]
[White "Tunks, Dominic"]
[Black "Varnam, Liam"]
[Result "0-1"]
[WhiteElo "2083"]
[BlackElo "2167"]
[PlyCount "82"]
[EventDate "2009.07.27"]
[EventType "swiss"]
[EventRounds "11"]
[EventCountry "ENG"]
[SourceTitle "CBM 131 Extra"]
[Source "ChessBase"]
[SourceDate "2009.09.03"]
[SourceVersion "2"]
[SourceVersionDate "2009.09.16"]
[SourceQuality "1"]

1. d4 d5 2. c4 Nc6 3. Nf3 Bg4 4. cxd5 Bxf3 5. dxc6 Bxc6 6. Nc3 e6 7. a3 Qh4 8. g3 Qh5 9. e4 Qxd1+ 10. Kxd1 0-0-0 11. Be3 Bc5 12. Bb5 Bxb5 13. Nxb5 a6 14. Ke2 Bb6 15. Nc3 Bxd4 16. Bxd4 Rxd4 17. Ke3 Rd7 18. Rac1 Ne7 19. Na4 Rd6 20. Rc3 Rhd8 21. Rhc1 Rc6 22. Nc5 Rdd6 23. h4 Kb8 24. Rc4 Ka7 25. h5 e5 26. b4 b6 27. Nd3 Rxc4 28. Rxc4 Nc6 29. Ne1 Kb7 30. Nf3 f6 31. Nh4 Nd4 32. Nf5 Nxf5+ 33. exf5 h6 34. Rc1 Rd5 35. Ke4 c6 36. Rc4 Kc7 37. Ke3 c5 38. Rg4 Rd7 39. a4 Kc6 40. bxc5 Kxc5 41. Ke2 b5 0-1

[Event "BCF-chT2a 0809 (4NCL)"]
[Site "Hinckley Island"]
[Date "2008.12.07"]
[Round "4.7"]
[White "Boulton, William"]
[Black "Tunks, Dominic"]
[Result "1/2-1/2"]
[WhiteElo "1990"]
[BlackElo "1945"]
[PlyCount "192"]
[EventDate "2008.10.04"]
[EventType "team-tourn"]
[EventRounds "7"]
[EventCountry "ENG"]
[SourceTitle "EXT 2010"]
[Source "ChessBase"]
[SourceDate "2010.11.25"]
[SourceVersion "1"]
[SourceVersionDate "2010.11.25"]
[SourceQuality "1"]
[WhiteTeam "Anglian Avengers"]
[BlackTeam "Wessex II"]
[WhiteTeamCountry "ENG"]
[BlackTeamCountry "ENG"]

1. d4 Nf6 2. c4 e6 3. Nc3 Bb4 4. f3 Nc6 5. e4 e5 6. d5 Bxc3+ 7. bxc3 Na5 8. Ba3 b6 9. Bd3 d6 10. Kf2 0-0 11. Ne2 Ba6 12. Ng3 Bxc4 13. Nf5 g6 14. Ne3 Bxd3 15. Qxd3 Nh5 16. g3 Qd7 17. Kg2 Rfe8 18. Rhf1 Nb7 19. Bb2 Nc5 20. Qd2 Kh8 21. Rae1 f6 22. c4 Qg7 23. Kg1 Re7 24. Ng2 Kg8 25. Re2 Rf8 26. g4 Nf4 27. Nxf4 exf4 28. g5 Nd7 29. Qxf4 Ne5 30. gxf6 Rxf6 31. Bxe5 Rxf4 32. Bxg7 Kxg7 33. Kg2 Kf6 34. Re3 Ke5 35. Rd1 g5 36. Kf2 g4 37. Ke2 gxf3+ 38. Rxf3 Rxf3 39. Kxf3 Rf7+ 40. Ke3 Rf4 41. Rg1 Rxe4+ 42. Kd3 Rh4 43. Rg7 Rh3+ 44. Kc2 a6 45. Rxc7 b5 46. cxb5 axb5 47. Rb7 Kxd5 48. Rxb5+ Kc4 49. Rb7 Rxh2+ 50. Kb1 d5 51. a4 Kc3 52. Rc7+ Kb3 53. a5 Rh1+ 54. Rc1 Rh4 55. Rc7 Rh1+ 56. Rc1 Rh4 57. Rc7 h5 58. a6 Ra4 59. a7 h4 60. Rh7 Kc3 61. Rxh4 Rxa7 62. Rh3+ Kd2 63. Rh2+ Kd3 64. Rh3+ Ke2 65. Rh2+ Kf3 66. Rh3+ Ke4 67. Rh4+ Kd3 68. Rh3+ Kc4 69. Kc2 Ra2+ 70. Kd1 Rg2 71. Rh8 Rg3 72. Kd2 Rd3+ 73. Kc2 Rg3 74. Kd2 Ra3 75. Kd1 Ra2 76. Rh4+ d4 77. Rh8 Kc3 78. Rc8+ Kd3 79. Kc1 Ra1+ 80. Kb2 Rd1 81. Rd8 Ke2 82. Re8+ Kd2 83. Rh8 Re1 84. Rh4 d3 85. Rh2+ Re2 86. Rh1 Rg2 87. Kb1 Kc3 88. Kc1 Ra2 89. Kb1 Rb2+ 90. Ka1 Rc2 91. Kb1 Kb3 92. Rh3 Rc3 93. Rh2 Kc4 94. Kb2 Rb3+ 95. Kc1 Kc3 96. Rc2+ dxc2 1/2-1/2

[Event "BCF-chT3 0708 (4NCL)"]
[Site "Sunningdale"]
[Date "2008.05.05"]
[Round "11.6"]
[White "Tunks, Dominic"]
[Black "Fraser Mitchell, Jeremy N"]
[Result "1-0"]
[WhiteElo "1936"]
[BlackElo "2036"]
[PlyCount "91"]
[EventDate "2007.09.15"]
[EventType "team-tourn"]
[EventRounds "11"]
[EventCountry "ENG"]
[SourceTitle "EXT 2023"]
[Source "ChessBase"]
[SourceDate "2022.10.05"]
[SourceVersion "1"]
[SourceVersionDate "2022.10.05"]
[SourceQuality "1"]
[WhiteTeam "Wessex II"]
[BlackTeam "FCA Solutions"]
[WhiteTeamCountry "ENG"]
[BlackTeamCountry "ENG"]

1. e4 e6 2. Nf3 d5 3. e5 c5 4. d3 Nc6 5. Bf4 f6 6. h4 fxe5 7. Nxe5 Qf6 8. Qh5+ g6 9. Qg5 Bg7 10. Qxf6 Bxf6 11. Nxc6 bxc6 12. Nc3 Ne7 13. Na4 Nf5 14. g3 0-0 15. c3 Be7 16. Be5 Nh6 17. Bh3 Nf7 18. Bf4 e5 19. Be3 d4 20. Bd2 Bxh3 21. Rxh3 Nd8 22. cxd4 cxd4 23. Rc1 Rc8 24. Nc5 Re8 25. Ne4 Nf7 26. Bg5 h6 27. Bxe7 Rxe7 28. Ke2 Kg7 29. Rhh1 Re6 30. Rc5 Nd8 31. Rhc1 Rb8 32. R1c2 Rb6 33. Ra5 Re7 34. Nd6 Rb8 35. Kf3 Kf6 36. Ke4 g5 37. Nf5 Reb7 38. b3 gxh4 39. gxh4 Rb5 40. Rxa7 R8b6 41. Nd6 Rd5 42. Ne8+ Kg6 43. Rg7+ Kh5 44. Nf6+ Kxh4 45. Rc1 Ne6 46. Rh1# 1-0

[Event "BCF-chT2 0607 (4NCL)"]
[Site "Sunningdale"]
[Date "2007.05.07"]
[Round "11.7"]
[White "Meyer, Gordon"]
[Black "Tunks, Dominic"]
[Result "1-0"]
[WhiteElo "2177"]
[BlackElo "2115"]
[PlyCount "85"]
[EventDate "2006.09.16"]
[EventType "team-tourn"]
[EventRounds "11"]
[EventCountry "ENG"]
[SourceTitle "EXT 2008"]
[Source "ChessBase"]
[SourceDate "2007.11.25"]
[SourceVersion "1"]
[SourceVersionDate "2007.11.25"]
[SourceQuality "1"]
[WhiteTeam "Richmond"]
[BlackTeam "Wessex"]
[WhiteTeamCountry "ENG"]
[BlackTeamCountry "ENG"]

1. e4 d6 2. d4 Nf6 3. Nc3 c6 4. f4 Qb6 5. Be2 e6 6. Rb1 d5 7. e5 Nfd7 8. Na4 Qa5+ 9. c3 b5 10. Nc5 Nxc5 11. dxc5 b4 12. a3 b3 13. Qxb3 Bxc5 14. Nh3 Qd8 15. Nf2 f6 16. 0-0 fxe5 17. Kh1 e4 18. Qc2 0-0 19. b4 Bd6 20. Ng4 Nd7 21. g3 Qe7 22. Be3 Bb7 23. h4 c5 24. h5 e5 25. bxc5 Nxc5 26. fxe5 Rxf1+ 27. Bxf1 Bc7 28. Bxc5 Qxc5 29. Rxb7 Bb6 30. Qg2 Qc8 31. Rxb6 axb6 32. Qh3 Qxc3 33. Kh2 Rf8 34. Bg2 Qe1 35. h6 Rf7 36. hxg7 Kxg7 37. Qh6+ Kh8 38. Qe6 Rg7 39. Qf6 Qe2 40. Qf8+ Rg8 41. Qf6+ Rg7 42. Nh6 Qh5+ 43. Kg1 1-0

[Event "BCF-chT2 0607 (4NCL)"]
[Site "Sunningdale"]
[Date "2007.01.14"]
[Round "6.7"]
[White "Tunks, Dominic"]
[Black "Crombleholme, Alan K"]
[Result "1/2-1/2"]
[WhiteElo "2115"]
[BlackElo "2119"]
[PlyCount "31"]
[EventDate "2006.09.16"]
[EventType "team-tourn"]
[EventRounds "11"]
[EventCountry "ENG"]
[SourceTitle "EXT 2008"]
[Source "ChessBase"]
[SourceDate "2007.11.25"]
[SourceVersion "1"]
[SourceVersionDate "2007.11.25"]
[SourceQuality "1"]
[WhiteTeam "Wessex"]
[BlackTeam "Hilsmark Kingfisher II"]
[WhiteTeamCountry "ENG"]
[BlackTeamCountry "ENG"]

1. e4 e6 2. Nf3 c5 3. Nc3 d6 4. Bb5+ Bd7 5. Bxd7+ Nxd7 6. d4 cxd4 7. Qxd4 Qb6 8. Qxb6 Nxb6 9. Bf4 a6 10. 0-0-0 0-0-0 11. Rd3 Kc7 12. Rhd1 Be7 13. h3 h6 14. Bh2 h5 15. Nd4 Nh6 16. Kb1 1/2-1/2

[Event "BCF-chT2 0506 (4NCL)"]
[Site "Birmingham"]
[Date "2006.01.15"]
[Round "6.6"]
[White "Regan, Natasha"]
[Black "Tunks, Dominic"]
[Result "1/2-1/2"]
[WhiteElo "2208"]
[BlackElo "2155"]
[PlyCount "79"]
[EventDate "2005.10.22"]
[EventType "team-tourn"]
[EventRounds "11"]
[EventCountry "ENG"]
[SourceTitle "EXT 2007"]
[Source "ChessBase"]
[SourceDate "2006.11.23"]
[SourceVersion "1"]
[SourceVersionDate "2006.11.23"]
[SourceQuality "1"]
[WhiteTeam "Cambridge"]
[BlackTeam "Wessex"]
[WhiteTeamCountry "ENG"]
[BlackTeamCountry "ENG"]

1. e4 c5 2. d4 cxd4 3. c3 g6 4. cxd4 d5 5. e5 Nc6 6. Nc3 f6 7. f4 Bg7 8. Bb5 Nh6 9. Nf3 0-0 10. 0-0 Bg4 11. Qd3 Bxf3 12. Rxf3 fxe5 13. dxe5 e6 14. Kh1 Qh4 15. Rh3 Qe1+ 16. Qf1 Qxf1+ 17. Bxf1 Nxe5 18. Bd2 Neg4 19. Rf3 Nf5 20. h3 Nf6 21. Nb5 Ne4 22. Be1 Rfc8 23. Rb1 Rc2 24. g4 Nd4 25. Nxd4 Bxd4 26. Bd3 Rxb2 27. Rxb2 Bxb2 28. Bxe4 dxe4 29. Re3 Rc8 30. Rxe4 Bc3 31. Bf2 Kf7 32. Bxa7 b5 33. Re2 Rc4 34. Bb8 h5 35. gxh5 gxh5 36. Kg2 Kf6 37. Kg3 Kf5 38. Be5 b4 39. Kf3 Rc5 40. Bd6 1/2-1/2

[Event "BCF-chT3 0506 (4NCL)"]
[Site "Birmingham"]
[Date "2005.10.23"]
[Round "2.2"]
[White "Constantinou, Peter"]
[Black "Tunks, Dominic"]
[Result "1-0"]
[WhiteElo "2137"]
[BlackElo "2155"]
[PlyCount "59"]
[EventDate "2005.10.22"]
[EventType "team-tourn"]
[EventRounds "11"]
[EventCountry "ENG"]
[SourceTitle "EXT 2007"]
[Source "ChessBase"]
[SourceDate "2006.11.23"]
[SourceVersion "1"]
[SourceVersionDate "2006.11.23"]
[SourceQuality "1"]
[WhiteTeam "FCA Solutions"]
[BlackTeam "Wessex II"]
[WhiteTeamCountry "ENG"]
[BlackTeamCountry "ENG"]

1. g3 Nf6 2. Bg2 d5 3. d3 Bf5 4. Nf3 h6 5. c4 c6 6. cxd5 cxd5 7. Qb3 Qc8 8. Nc3 e6 9. e4 dxe4 10. Nd4 Bg6 11. dxe4 Nbd7 12. 0-0 Be7 13. Rd1 Bh5 14. f3 a6 15. Be3 Nc5 16. Qc2 0-0 17. e5 Bg6 18. Qe2 Nd5 19. Nxd5 exd5 20. Rac1 Qd7 21. b4 Ne6 22. f4 Bxb4 23. f5 Nxd4 24. Rxd4 Qxf5 25. Rxb4 Qxe5 26. Qd2 Be4 27. Qd4 Qxd4 28. Rxd4 f5 29. Bxe4 dxe4 30. Rc7 1-0

[Event "BCF-chT3 0304 (4NCL)"]
[Site "West Bromwich"]
[Date "2004.06.19"]
[Round "10.5"]
[White "Maduekwe, Chiedu U"]
[Black "Tunks, Dominic"]
[Result "1-0"]
[WhiteElo "2127"]
[BlackElo "2024"]
[PlyCount "75"]
[EventDate "2003.11.23"]
[EventType "team-tourn"]
[EventRounds "11"]
[EventCountry "ENG"]
[SourceTitle "EXT 2005"]
[Source "ChessBase"]
[SourceDate "2004.11.15"]
[SourceVersion "1"]
[SourceVersionDate "2004.11.15"]
[SourceQuality "1"]
[WhiteTeam "Wood Green III"]
[BlackTeam "Wessex II"]
[WhiteTeamCountry "ENG"]
[BlackTeamCountry "ENG"]

1. d4 Nc6 2. e4 e5 3. d5 Nce7 4. c4 f5 5. Nc3 Nf6 6. Bd3 d6 7. Bg5 f4 8. Bxf6 gxf6 9. Qh5+ Ng6 10. g3 fxg3 11. hxg3 Qd7 12. f3 Qf7 13. Nge2 Bd7 14. 0-0-0 0-0-0 15. Bc2 Be7 16. Ba4 Bxa4 17. Nxa4 Rdf8 18. g4 Bd8 19. Kb1 Kb8 20. Rc1 Qd7 21. b3 c5 22. dxc6 bxc6 23. Rhd1 Qe6 24. Qf5 Qxf5 25. exf5 Nh4 26. Rxd6 Nxf3 27. Rcd1 Be7 28. Rxc6 h5 29. Rd7 Ba3 30. Rcc7 hxg4 31. Rxa7 Rh1+ 32. Kc2 Ne1+ 33. Kd2 Bb4+ 34. Ke3 Rh3+ 35. Ke4 Ba5 36. Nc5 Nd3 37. Rdb7+ Kc8 38. Ra8# 1-0

[Event "BCF-chT3 0304 (4NCL)"]
[Site "West Bromwich"]
[Date "2003.11.23"]
[Round "2.5"]
[White "Brown, Alan M"]
[Black "Tunks, Dominic"]
[Result "1-0"]
[WhiteElo "2128"]
[BlackElo "2024"]
[PlyCount "69"]
[EventDate "2003.11.23"]
[EventType "team-tourn"]
[EventRounds "11"]
[EventCountry "ENG"]
[SourceTitle "EXT 2005"]
[Source "ChessBase"]
[SourceDate "2004.11.15"]
[SourceVersion "1"]
[SourceVersionDate "2004.11.15"]
[SourceQuality "1"]
[WhiteTeam "SW Dragons II"]
[BlackTeam "Wessex II"]
[WhiteTeamCountry "ENG"]
[BlackTeamCountry "ENG"]

1. d4 Nf6 2. c4 c5 3. Nf3 e6 4. Nc3 a6 5. g3 cxd4 6. Nxd4 Qc7 7. Qa4 Nc6 8. Nxc6 bxc6 9. Bg2 Rb8 10. Qc2 h6 11. 0-0 Be7 12. b3 0-0 13. Bb2 d5 14. Na4 Qa7 15. e3 Bd7 16. c5 Bc8 17. Qc3 Bd8 18. Rfd1 a5 19. e4 Ba6 20. exd5 cxd5 21. Rac1 Bb5 22. c6 Be7 23. c7 Rbc8 24. Qe5 Bxa4 25. bxa4 Qb6 26. Bd4 Qb4 27. Rb1 Qd6 28. Rdc1 Qxe5 29. Bxe5 Nd7 30. Bf4 Bb4 31. Bf1 e5 32. Bb5 Nc5 33. Bxe5 Ba3 34. Rc3 Bb4 35. Rxb4 1-0